Microsoft Visual Studio 2008 unleashed / (Record no. 11500)

MARC details
000 -LEADER
fixed length control field 01186cam a2200313 a 4500
001 - CONTROL NUMBER
control field 15262001
005 - DATE AND TIME OF LATEST TRANSACTION
control field 20080623155353.0
008 - FIXED-LENGTH DATA ELEMENTS--GENERAL INFORMATION
fixed length control field 080415s2008 inua 001 0 eng
010 ## - LIBRARY OF CONGRESS CONTROL NUMBER
LC control number 2008017300
015 ## - NATIONAL BIBLIOGRAPHY NUMBER
National bibliography number GBA866296
Source bnb
016 7# - NATIONAL BIBLIOGRAPHIC AGENCY CONTROL NUMBER
Record control number 014614616
Source Uk
020 ## - INTERNATIONAL STANDARD BOOK NUMBER
International Standard Book Number 9780672329722 (pbk.)
035 ## - SYSTEM CONTROL NUMBER
System control number (OCoLC)ocn183258966
035 ## - SYSTEM CONTROL NUMBER
System control number (OCoLC)183258966
040 ## - CATALOGING SOURCE
Original cataloging agency DLC
Transcribing agency DLC
Modifying agency YDX
-- BTCTA
-- BAKER
-- YDXCP
-- UKM
-- DLC
050 00 - LIBRARY OF CONGRESS CALL NUMBER
Classification number TK5105.8885.M57
Item number P692 2008
082 00 - DEWEY DECIMAL CLASSIFICATION NUMBER
Classification number 006.7882
Edition number 22
Item number POW
100 1# - MAIN ENTRY--PERSONAL NAME
Personal name Powers, Lars.
9 (RLIN) 4596
245 10 - TITLE STATEMENT
Title Microsoft Visual Studio 2008 unleashed /
Statement of responsibility, etc Lars Powers, Mike Snell.
260 ## - PUBLICATION, DISTRIBUTION, ETC. (IMPRINT)
Place of publication, distribution, etc Indianapolis, Ind. :
Name of publisher, distributor, etc SAMS,
Date of publication, distribution, etc c2008.
300 ## - PHYSICAL DESCRIPTION
Extent xx, 1219 p. :
Other physical details ill. ;
Dimensions 24 cm.
630 00 - SUBJECT ADDED ENTRY--UNIFORM TITLE
Uniform title Microsoft Visual studio.
9 (RLIN) 4597
650 #0 - SUBJECT ADDED ENTRY--TOPICAL TERM
Topical term or geographic name as entry element Microsoft .NET Framework.
9 (RLIN) 4598
650 #0 - SUBJECT ADDED ENTRY--TOPICAL TERM
Topical term or geographic name as entry element Application software
General subdivision Development.
9 (RLIN) 4599
700 1# - ADDED ENTRY--PERSONAL NAME
Personal name Snell, Mike.
9 (RLIN) 4600
942 ## - ADDED ENTRY ELEMENTS (KOHA)
Source of classification or shelving scheme Dewey Decimal Classification
Item type Book - Borrowing
Holdings
Withdrawn status Item status Source of classification or shelving scheme Damaged status Not for loan Vendor Home library Current library Shelving location Date acquired Source of acquisition Cost, normal purchase price Serial Enumeration / chronology Total Checkouts Full call number Barcode Date last seen Koha item type
    Dewey Decimal Classification     Alahram Central Library Central Library Lower Floor 06/05/2009   370.50 378   006.7882 POW 000016311 15/07/2025 Book - Borrowing